| 000 | 00473nam a2200193 4500 | ||
|---|---|---|---|
| 003 | OSt | ||
| 005 | 20180411101016.0 | ||
| 008 | 180404b xxu||||| |||| 00| 0 spa d | ||
| 020 | _a950-14-0893-0 | ||
| 040 | _cBiblioteca Ernesto Sábato | ||
| 092 |
_aD349.2 _bD536 |
||
| 100 | _4Di Pietro, Alfredo | ||
| 245 | _aDerecho privado Romano | ||
| 260 |
_aBuenos Aires _bDepalma _c1996 |
||
| 300 | _a433p | ||
| 650 | _aDERECHO ROMANO | ||
| 650 | _2/BGG/ | ||
| 942 |
_2ddc _cBDGR |
||
| 999 |
_c32173 _d32173 |
||